| 000 | 01181cam a2200301 a 4500 | ||
|---|---|---|---|
| 999 |
_c3701 _d3701 |
||
| 001 | 2563265 | ||
| 005 | 20170801124918.0 | ||
| 008 | 950927s1995 nyua b 000 0 eng | ||
| 010 | _a 95060971 | ||
| 020 | _a1874166218 | ||
| 040 |
_aDLC _cDLC _dDLC |
||
| 050 | 0 | 0 |
_aB831.2 _b.A65 1995 |
| 082 | 0 | 0 |
_a149/.97 _221 |
| 100 | 1 |
_aAppignanesi, Richard. _934235 |
|
| 245 | 1 | 0 |
_aIntroducing postmodernism / _cRichard Appignanesi and Chris Garratt ; with Ziauddin Sardar and Patrick Curry. |
| 260 |
_aNew York, NY : _bTotem Books ; _aLanham, Md. : _bDistributed to the trade in the U.S. by National Book Network, _c1995 _g(1996 printing) |
||
| 300 |
_a173, [2] p. : _bill. ; _c21 cm. |
||
| 504 | _aIncludes bibliographical references (p. [174]-[175]). | ||
| 650 | 0 |
_aPostmodernism _xMiscellanea. _934236 |
|
| 650 | 0 |
_aPhilosophy, Modern _y20th century _xMiscellanea. _934237 |
|
| 700 | 1 |
_aGarratt, Chris. _934238 |
|
| 700 | 1 |
_aSardar, Ziauddin. _934239 |
|
| 700 | 1 |
_aCurry, Patrick, _d1951- _934240 |
|
| 906 |
_a7 _bcbc _corignew _d2 _eopcn _f19 _gy-gencatlg |
||
| 942 |
_2lcc _cMONOGRAPH |
||